Puisi dari penjara

Bibliographic Details
Main Author: Said Zahari (Author)
Format: Book
Published: Kuala Lumpur : Pusat Sejarah Rakyat 2022
Subjects:

MARC

LEADER 00000cam a2200000 7i4500
001 0000094845
005 20250225100001.0
020 |a 9789672683407 (  |q (paperback)) 
040 |e rda 
041 |a Malay 
090 0 0 |a 899.231   |b SAI 
100 0 |a Said Zahari ,   |e (author) 
245 1 0 |a Puisi dari penjara   |c Said Zahari 
264 1 |a Kuala Lumpur :   |b Pusat Sejarah Rakyat   |c 2022 
300 |a 316 pages :   |b illustrations ;   |c 21 cm. 
336 |a text  |2 rdacontent 
337 |a unmediated  |2 rdamedia 
338 |a volume  |2 rdacarrier 
541 |c Purchased on 2024   |f 1210 FKP   |h RM50.00 
650 0 |a Malay poetry 
650 0 |a Poetry 
650 0 |a Psioners writing 
650 0 |z Malaysia   |x Politics & government   |x Poetry 
999 |a 0001796488   |b Book   |c Adult Collection   |e Perbadanan Perpustakaan Awam Johor 
999 |a 0001796489   |b Book   |c Adult Collection   |e Perbadanan Perpustakaan Awam Johor 
999 |a 0001796490   |b Book   |c Adult Collection   |e Cawangan AEON Kulaijaya 
999 |a 0001796491   |b Book   |c Adult Collection   |e Cawangan Tmn. Ungku Tun Aminah 
999 |a 0001796492   |b Book   |c Adult Collection   |e Perbadanan Perpustakaan Awam Johor 
999 |a 0001796493   |b Book   |c Adult Collection   |e Cawangan Mersing 
999 |a 0001796494   |b Book   |c Adult Collection   |e Perbadanan Perpustakaan Awam Johor 
999 |a 0001796495   |b Book   |c Adult Collection   |e Cawangan Kota Tinggi 
999 |a 0001796496   |b Book   |c Adult Collection   |e Cawangan Batu Pahat 
999 |a 0001796497   |b Book   |c Adult Collection   |e Cawangan Taman Sri Lambak 
999 |a 0001796498   |b Book   |c Adult Collection   |e Cawangan Segamat 
999 |a 0001796499   |b Book   |c Adult Collection   |e Cawangan Pontian 
999 |a 0001796500   |b Book   |c Adult Collection   |e Cawangan Muar 
999 |a 0001796501   |b Book   |c Adult Collection   |e Cawangan Bukit Gambir 
999 |a 0001796502   |b Book   |c Adult Collection   |e Cawangan Tangkak 
999 |a 0001796503   |b Book   |c Adult Collection   |e Perbadanan Perpustakaan Awam Johor